Small is the new big: (Record no. 607671)
[ view plain ]
| 000 -LEADER | |
|---|---|
| fixed length control field | 01511ctm a2200421 a 4500 |
| 001 - CONTROL NUMBER | |
| control field | 14955039 |
| 003 - CONTROL NUMBER IDENTIFIER | |
| control field | NUST |
| 005 - DATE AND TIME OF LATEST TRANSACTION | |
| control field | 20240213101658.0 |
| 007 - PHYSICAL DESCRIPTION FIXED FIELD--GENERAL INFORMATION | |
| fixed length control field | sd fsngnnmmneu |
| 008 - FIXED-LENGTH DATA ELEMENTS--GENERAL INFORMATION | |
| fixed length control field | 070807s2006 mnunnn| | z | eng d |
| 010 ## - LIBRARY OF CONGRESS CONTROL NUMBER | |
| LC control number | 2007656682 |
| 020 ## - INTERNATIONAL STANDARD BOOK NUMBER | |
| International Standard Book Number | 1598870564 |
| 020 ## - INTERNATIONAL STANDARD BOOK NUMBER | |
| International Standard Book Number | 9780141030531 |
| 028 02 - PUBLISHER NUMBER | |
| Publisher number | HBP 89547 |
| Source | HighBridge |
| 035 ## - SYSTEM CONTROL NUMBER | |
| System control number | (OCoLC)ocm71037546 |
| 040 ## - CATALOGING SOURCE | |
| Original cataloging agency | WIQ |
| Transcribing agency | WIQ |
| Modifying agency | BAKER |
| -- | GK8 |
| -- | BTCTA |
| -- | VP@ |
| -- | JAG |
| -- | IHI |
| -- | DLC |
| 042 ## - AUTHENTICATION CODE | |
| Authentication code | lccopycat |
| 050 00 - LIBRARY OF CONGRESS CALL NUMBER | |
| Classification number | SDB 60524 |
| 082 ## - DEWEY DECIMAL CLASSIFICATION NUMBER | |
| Classification number | 658.409 |
| Author Mark | GOD |
| 100 1# - MAIN ENTRY--PERSONAL NAME | |
| Personal name | Godin, Seth. |
| 9 (RLIN) | 120310 |
| 245 10 - TITLE STATEMENT | |
| Title | Small is the new big: |
| Remainder of title | [and other riffs, rants, and remarkable business ideas] / |
| Statement of responsibility, etc. | Seth Godin. |
| 260 ## - PUBLICATION, DISTRIBUTION, ETC. | |
| Place of publication, distribution, etc. | New York : |
| Name of publisher, distributor, etc. | Penguin, |
| Date of publication, distribution, etc. | 2007. |
| 300 ## - PHYSICAL DESCRIPTION | |
| Extent | 323p : |
| Other physical details | ill ; |
| 306 ## - PLAYING TIME | |
| Playing time | 073000 |
| 500 ## - GENERAL NOTE | |
| General note | Subtitle from container. |
| 500 ## - GENERAL NOTE | |
| General note | Abridged. |
| 511 0# - PARTICIPANT OR PERFORMER NOTE | |
| Participant or performer note | Read by the author. |
| 520 ## - SUMMARY, ETC. | |
| Summary, etc. | A collection of eight years worth of blog posts, magazine articles and e-books read by the author, offering ideas and stories that can change how you work, what you buy, and how you see the world. |
| 650 #0 - SUBJECT ADDED ENTRY--TOPICAL TERM | |
| Topical term or geographic name entry element | Success in business. |
| 650 #0 - SUBJECT ADDED ENTRY--TOPICAL TERM | |
| Topical term or geographic name entry element | Simplicity. |
| 9 (RLIN) | 120311 |
| 650 #0 - SUBJECT ADDED ENTRY--TOPICAL TERM | |
| Topical term or geographic name entry element | Common sense. |
| 9 (RLIN) | 100697 |
| 650 #0 - SUBJECT ADDED ENTRY--TOPICAL TERM | |
| Topical term or geographic name entry element | Interpersonal relations. |
| 9 (RLIN) | 12558 |
| 655 #7 - INDEX TERM--GENRE/FORM | |
| Genre/form data or focus term | Audiobooks. |
| Source of term | lcgft |
| 9 (RLIN) | 22543 |
| 856 42 - ELECTRONIC LOCATION AND ACCESS | |
| Materials specified | Publisher description |
| Uniform Resource Identifier | <a href="http://www.loc.gov/catdir/enhancements/fy0903/2007656682-d.html">http://www.loc.gov/catdir/enhancements/fy0903/2007656682-d.html</a> |
| 906 ## - LOCAL DATA ELEMENT F, LDF (RLIN) | |
| a | 7 |
| b | cbc |
| c | copycat |
| d | 2 |
| e | ncip |
| f | 20 |
| g | y-soundrec |
| 942 ## - ADDED ENTRY ELEMENTS (KOHA) | |
| Source of classification or shelving scheme | |
| Koha item type | Book |
| Withdrawn status | Lost status | Source of classification or shelving scheme | Damaged status | Not for loan | Permanent Location | Current Location | Date acquired | Total Checkouts | Full call number | Barcode | Date last seen | Date last checked out | Cost, replacement price | Price effective from | Koha item type |
|---|---|---|---|---|---|---|---|---|---|---|---|---|---|---|---|
| School of Art Design and Architecture (SADA) | School of Art Design and Architecture (SADA) | 01/04/2017 | 1 | 658.409 GOD 2007 | SADA0002620 | 07/22/2024 | 02/22/2024 | 1337.00 | Book |
